Las ideas socialistas en el siglo XIX / (Record no. 171910)

MARC details
000 -LEADER
campo de control de longitud fija 00628nam a2200217 i 4500
001 - NÚMERO DE CONTROL
campo de control 171910
003 - IDENTIFICADOR DE NÚMERO DE CONTROL
campo de control ES-MaACL
005 - FECHA Y HORA DE LA ÚLTIMA TRANSACCIÓN
campo de control 20230906214750.0
008 - DATOS DE LONGITUD FIJA--INFORMACIÓN GENERAL
campo de control de longitud fija 090608s1966 sp |||| | spa d
080 ## - NÚMERO DE LA CLASIFICACIÓN DECIMAL UNIVERSAL
Número de la Clasificación Decimal Universal 330.84/.86"18"
100 0# - ENTRADA PRINCIPAL--NOMBRE DE PERSONA
Nombre de persona Rama, Carlos M.
9 (RLIN) 95058
245 14 - MENCIÓN DEL TÍTULO
Título Las ideas socialistas en el siglo XIX /
Mención de responsabilidad, etc. Carlos M. Rama.
250 ## - MENCION DE EDICION
Mención de edición 4ª ed. rev.
260 ## - PUBLICACIÓN, DISTRIBUCIÓN, ETC.
Lugar de publicación, distribución, etc. Buenos Aires :
Nombre del editor, distribuidor, etc. Iguazú,
Fecha de publicación, distribución, etc. [1966]
300 ## - DESCRIPCIÓN FÍSICA
Extensión 283 p. ;
Dimensiones 18 cm.
490 1# - MENCIÓN DE SERIE
Mención de serie Documentos ;
Designación de volumen o secuencia 13
650 #4 - PUNTO DE ACCESO ADICIONAL DE MATERIA--TÉRMINO DE MATERIA
Término de materia o nombre geográfico como elemento de entrada Socialismo-
Subdivisión cronológica S.XIX.
9 (RLIN) 140537
830 0# - PUNTO DE ACCESO ADICIONAL DE SERIE-TÍTULO UNIFORME
Título uniforme Documentos ;
Designación de volumen o secuencia 13
9 (RLIN) 177791
852 ## - LOCALIZACIÓN
Ubicación ES-MaACL
Número de control de estantería G-10691
itemnumber R.144906
Holdings
Estatus retirado Estado de pérdida Estado de daño No para préstamo Biblioteca de origen Biblioteca actual Ubicación en estantería Fecha de adquisición Fuente de adquisición Total de préstamos Signatura topográfica completa Código de barras Visto por última vez Precio de reemplazo Tipo de ítem Koha
        Biblioteca del Ateneo de Madrid Biblioteca del Ateneo de Madrid Sala Pecera Planta 3 08/06/2009     G-10691 1180414 23/02/2023 23/02/2023 Libro impreso